Missing Word: NATO Alphabet Quiz Stats

Quiz Updated Mar 5, 2016

Challenge
Share
Tweet
Embed
Score 0/22 Timer 02:00
1 Play Today
Phrase Word % Correct
'It takes two to _____'Tango
96.6%
_____ visionX-ray
76.1%
_____ the GrouchOscar
73%
_____ Don't PreachPapa
71.3%
You're a Good Man, _____ BrownCharlie
67.5%
_____ & IkeMike
62.3%
'Remember, Remember the Fifth of _____'November
59.5%
Heartbreak _____Hotel
57.8%
Alfa _____Romeo
52.5%
Dutch East _____ CompanyIndia
50%
'To the _____ go the spoils'Victor
48.4%
Phrase Word % Correct
The Treasure of the _____ MadreSierra
47.4%
_____ beanLima
47.2%
A Connecticut _____ in King Arthur's CourtYankee
45.3%
_____ CentauriAlpha
44.2%
'It is the East, and _____ is the sun!'Juliett
43.8%
Mississippi River _____Delta
38.2%
_____cardiogramEcho
36.9%
Rio _____Bravo
27.3%
Miniature _____Golf
19.2%
_____ NordiquesQuebec
18%
_____ RebellionWhiskey
16%

Today's Daily Dose

Missing Word
1998 A-Z Movies

Word Ladder
5 Vowel Sounds

Quick Pick
Legal Terms

On This Day
June 25th II

You're not logged in!

Compare scores with friends on all Sporcle quizzes.
Join for Free
OR
Log In

You Might Also Like...

Show Comments

Extras

Top Quizzes Today


Score Distribution

Your Account Isn't Verified!

In order to create a playlist on Sporcle, you need to verify the email address you used during registration. Go to your Sporcle Settings to finish the process.

Report this User

Report this user for behavior that violates our Community Guidelines.

Details: